[Event "La Fere op 7th"]
[Site "La Fere"]
[Date "2008.07.11"]
[Round "8"]
[White "Harnik, Cecilien"]
[Black "Ilan, Liad"]
[Result "0-1"]
[WhiteElo "1871"]
[BlackElo "2013"]
[PlyCount "84"]
[EventDate "2008.07.05"]
[EventType "swiss"]
[EventRounds "9"]
[EventCountry "FRA"]
[SourceTitle "CBM 125 Extra"]
[Source "ChessBase"]
[SourceDate "2008.09.01"]
[SourceVersion "1"]
[SourceVersionDate "2008.09.01"]
[SourceQuality "1"]

1. e4 e5 2. Nf3 Nc6 3. d4 exd4 4. Bc4 Nf6 5. 0-0 Nxe4 6. Re1 d5 7. Bxd5 Qxd5 8. Nc3 Qa5 9. Nxe4 Be6 10. Neg5 0-0-0 11. Nxe6 fxe6 12. Rxe6 Bd6 13. Bg5 Rdf8 14. Qe2 h6 15. Bh4 g5 16. Bg3 Bxg3 17. hxg3 Qd5 18. Qe4 Qxe4 19. Rxe4 Re8 20. Rae1 Rxe4 21. Rxe4 Rd8 22. a3 d3 23. cxd3 Rxd3 24. Re6 Rd6 25. Rxd6 cxd6 26. Nd2 Kd7 27. f4 Ke6 28. Kh2 d5 29. fxg5 hxg5 30. g4 Ne5 31. Nb3 Kd6 32. Nd4 Nc4 33. Nb5+ Ke5 34. Nxa7 Nd6 35. Kg3 Ke4 36. Kf2 Kd3 37. a4 d4 38. a5 Kd2 39. a6 bxa6 40. Nc6 d3 41. Nd4 Nc4 42. b3 Kc3 0-1

[Event "La Fere op 7th"]
[Site "La Fere"]
[Date "2008.07.10"]
[Round "7"]
[White "Delahaye, Marc"]
[Black "Harnik, Cecilien"]
[Result "0-1"]
[WhiteElo "1610"]
[BlackElo "1871"]
[PlyCount "89"]
[EventDate "2008.07.05"]
[EventType "swiss"]
[EventRounds "9"]
[EventCountry "FRA"]
[SourceTitle "CBM 125 Extra"]
[Source "ChessBase"]
[SourceDate "2008.09.01"]
[SourceVersion "1"]
[SourceVersionDate "2008.09.01"]
[SourceQuality "1"]

1. c4 Nf6 2. Nc3 g6 3. g3 Bg7 4. Bg2 0-0 5. e4 d6 6. Nge2 Nc6 7. 0-0 e5 8. d3 Be6 9. h3 Nd7 10. f4 f5 11. Nd5 Rb8 12. Nec3 Nd4 13. Kh2 c6 14. Ne3 exf4 15. gxf4 b5 16. Rb1 b4 17. Ne2 c5 18. b3 Qh4 19. Nxd4 Bxd4 20. Nd5 Bxd5 21. cxd5 Nf6 22. Qf3 Ng4+ 23. Kh1 Nf2+ 24. Kh2 Rbe8 25. Rxf2 Bxf2 26. Rb2 Bd4 27. Re2 Re7 28. Qg3 Qxg3+ 29. Kxg3 h6 30. h4 Kg7 31. Kf3 a5 32. Bh1 a4 33. Bb2 Bxb2 34. Rxb2 axb3 35. axb3 Ra7 36. Ke3 Rfa8 37. e5 Ra2 38. Re2 Rxe2+ 39. Kxe2 Ra3 40. e6 Kf6 41. Kd2 Rxb3 42. Bf3 c4 43. Be2 Rb2+ 44. Kd1 c3 45. Bf3 0-1

[Event "La Fere op 7th"]
[Site "La Fere"]
[Date "2008.07.07"]
[Round "4"]
[White "Harnik, Cecilien"]
[Black "Vorobyov, Yurij"]
[Result "0-1"]
[WhiteElo "1871"]
[BlackElo "2247"]
[PlyCount "96"]
[EventDate "2008.07.05"]
[EventType "swiss"]
[EventRounds "9"]
[EventCountry "FRA"]
[SourceTitle "CBM 125 Extra"]
[Source "ChessBase"]
[SourceDate "2008.09.01"]
[SourceVersion "1"]
[SourceVersionDate "2008.09.01"]
[SourceQuality "1"]

1. e4 c5 2. Nf3 a6 3. d4 cxd4 4. Nxd4 Nf6 5. Bd3 e5 6. Nb3 d5 7. Nc3 Bb4 8. exd5 Nxd5 9. Bd2 Nxc3 10. bxc3 Bd6 11. 0-0 Qh4 12. Re1 0-0 13. g3 Qg4 14. f3 Qh5 15. Be3 Nc6 16. g4 Qh4 17. Bf2 Qd8 18. Qe2 f5 19. h4 e4 20. Bc4+ Kh8 21. g5 exf3 22. Qxf3 Ne5 23. Qd5 Nxc4 24. Qxc4 f4 25. Rad1 Bg4 26. Rd4 Qb8 27. Qd5 Rd8 28. Nc5 f3 29. Qxb7 Bxc5 30. Rxd8+ Qxd8 31. Bxc5 Rb8 32. Qe4 Bh5 33. Bd4 Qd7 34. Kf2 Qh3 35. Bxg7+ Kg8 36. Qd5+ Bf7 37. Qxf3 Qxh4+ 38. Qg3 Qxg3+ 39. Kxg3 Kxg7 40. Kf4 Rc8 41. Re3 Bxa2 42. Rg3 Bb1 43. Ke5 Bxc2 44. Kd4 Bb3 45. Rg1 a5 46. Re1 a4 47. Re7+ Kg6 48. Ra7 Rc4+ 0-1

[Event "La Fere op 7th"]
[Site "La Fere"]
[Date "2008.07.05"]
[Round "1"]
[White "Barbry, Quentin"]
[Black "Harnik, Cecilien"]
[Result "0-1"]
[WhiteElo "1700"]
[BlackElo "1871"]
[PlyCount "46"]
[EventDate "2008.07.05"]
[EventType "swiss"]
[EventRounds "9"]
[EventCountry "FRA"]
[SourceTitle "CBM 125 Extra"]
[Source "ChessBase"]
[SourceDate "2008.09.01"]
[SourceVersion "1"]
[SourceVersionDate "2008.09.01"]
[SourceQuality "1"]

1. e4 e6 2. d4 d5 3. Nc3 Nf6 4. Bd3 c5 5. e5 Nfd7 6. Be3 Qb6 7. Bb5 Nc6 8. Bxc6 bxc6 9. b3 cxd4 10. Qxd4 c5 11. Qf4 d4 12. Na4 Qc6 13. Bd2 Qxg2 14. Qf3 Bb7 15. Qxg2 Bxg2 16. f3 Bxh1 17. Kf2 Nxe5 18. Bf4 Ng6 19. Bg3 h5 20. Ne2 h4 21. Bf4 e5 22. Bd2 e4 23. fxe4 Bxe4 0-1

[Event "FRA-chT4 0506"]
[Site "France"]
[Date "2006.03.12"]
[Round "6"]
[White "Cazzaro, Dorian"]
[Black "Harnik, Cecilien"]
[Result "1-0"]
[WhiteElo "1680"]
[BlackElo "1780"]
[PlyCount "85"]
[EventDate "2005.10.02"]
[EventType "team"]
[EventRounds "9"]
[EventCountry "FRA"]
[SourceTitle "EXT 2007"]
[Source "ChessBase"]
[SourceDate "2006.11.23"]
[SourceVersion "1"]
[SourceVersionDate "2006.11.23"]
[SourceQuality "1"]

1. e4 e6 2. d4 d5 3. exd5 exd5 4. Bd3 Bd6 5. c3 Nc6 6. Nf3 Nge7 7. Qc2 Ng6 8. 0-0 Be6 9. Be3 Nh4 10. Nbd2 h6 11. Nxh4 Qxh4 12. Nf3 Qf6 13. h3 Bxh3 14. Rfe1 Kf8 15. Nh2 Bd7 16. Re2 g6 17. Rae1 Kg7 18. Qd2 Rae8 19. b3 Be6 20. Bc2 Reg8 21. Bd3 g5 22. Rf1 Kf8 23. Bc2 g4 24. c4 h5 25. g3 h4 26. c5 Be7 27. b4 Ke8 28. b5 Nd8 29. Bf4 c6 30. Be5 Qf3 31. Nxf3 gxf3 32. Bxh8 Rxh8 33. Re3 Bg5 34. Qe1 Kf8 35. Rxf3 Bg4 36. Ra3 Ne6 37. Qe5 Rh6 38. Re1 Bf6 39. Qd6+ Kg8 40. Rxe6 fxe6 41. bxc6 Bxd4 42. Qb8+ Kf7 43. Qf4+ 1-0